Loading...
| Fine Arts - Classical Music and Opera | 5 | 10.00 | 60% | 20% | 20% |
| Fine Arts - Other Arts | 7 | 11.43 | 71% | 43% | 0% |
| Fine Arts - Painting and Sculpture | 6 | 10.00 | 83% | 17% | 0% |
| History - American History | 6 | 8.33 | 67% | 17% | 0% |
| History - European History | 5 | 10.00 | 100% | 0% | 0% |
| History - Other History | 8 | 8.75 | 63% | 25% | 0% |
| History - World History | 3 | 10.00 | 67% | 0% | 33% |
| Literature - American Literature | 9 | 14.44 | 89% | 56% | 0% |
| Literature - British Literature | 8 | 8.75 | 75% | 13% | 0% |
| Literature - European Literature | 7 | 11.43 | 100% | 14% | 0% |
| Literature - World Literature | 5 | 10.00 | 60% | 40% | 0% |
| Modern World | 2 | 15.00 | 100% | 50% | 0% |
| Mythology | 1 | 10.00 | 100% | 0% | 0% |
| Other Academic | 3 | 13.33 | 100% | 33% | 0% |
| Other Science (Astronomy) | 1 | 20.00 | 100% | 100% | 0% |
| Other Science (Computer Science) | 1 | 20.00 | 100% | 100% | 0% |
| Other Science (Earth Science) | 1 | 0.00 | 0% | 0% | 0% |
| Other Science (Math) | 2 | 10.00 | 100% | 0% | 0% |
| Philosophy | 5 | 12.00 | 80% | 20% | 20% |
| Religion | 4 | 7.50 | 75% | 0% | 0% |
| Science - Biology | 6 | 10.00 | 83% | 17% | 0% |
| Science - Chemistry | 4 | 7.50 | 75% | 0% | 0% |
| Science - Physics | 4 | 7.50 | 50% | 25% | 0% |
| Social Science | 6 | 13.33 | 83% | 50% | 0% |